000 00335nam a2200145Ia 4500
008 230718s9999 xx 000 0 und d
041 _aEng.
082 _a964.91
_bDR.-Y
100 _aDr. Khalil
245 0 _aYha ha Mara Pakistan
260 _aPakistan
_bJamhori Publications
_c2015
300 _a162
650 _aLaw
999 _c31564
_d31564